[Event "Hastings Masters op 95th"]
[Site "Hastings"]
[Date "2019.12.29"]
[Round "2"]
[White "Byrn, Carsten"]
[Black "Brouwer, Willem"]
[Result "0-1"]
[WhiteElo "1919"]
[BlackElo "1662"]
[PlyCount "86"]
[EventDate "2019.12.28"]
[EventType "swiss"]
[EventRounds "9"]
[EventCountry "ENG"]
[SourceTitle "CBM 194 Extra"]
[Source "ChessBase"]
[SourceDate "2020.03.31"]
[SourceVersion "1"]
[SourceVersionDate "2020.03.31"]
[SourceQuality "1"]

1. d4 d5 2. Bg5 Nd7 3. e3 Ngf6 4. f4 e6 5. Nf3 Be7 6. Nbd2 h6 7. Bh4 Ng4 8. Bxe7 Qxe7 9. Qe2 0-0 10. h3 Ngf6 11. Ne5 Nxe5 12. fxe5 Nd7 13. 0-0-0 c5 14. c3 f6 15. exf6 Nxf6 16. Nf3 Ne4 17. Qe1 c4 18. Be2 Rf6 19. Rf1 Qf8 20. Nd2 Nf2 21. Nf3 Nxd1 22. Bxd1 b5 23. Bc2 a5 24. e4 b4 25. exd5 exd5 26. Qe5 bxc3 27. bxc3 Be6 28. Re1 Bf7 29. Qg3 Bh5 30. Ne5 Rf1 31. Ng4 Rxe1+ 32. Qxe1 Re8 33. Qg3 Bxg4 34. Qxg4 Re3 35. Qg6 Qa3+ 36. Kd1 Qxc3 37. Qh7+ Kf8 38. Qf5+ Ke7 39. Qf2 Qxd4+ 40. Kc1 c3 41. g4 Qe5 42. Qh4+ Qf6 43. g5 Qxg5 0-1

[Event "Wch Seniors 65 28th"]
[Site "Bled"]
[Date "2018.11.18"]
[Round "1"]
[White "Hohler, Peter"]
[Black "Brouwer, Willem"]
[Result "1-0"]
[WhiteElo "2048"]
[BlackElo "1608"]
[PlyCount "95"]
[EventDate "2018.11.18"]
[EventType "swiss"]
[EventRounds "11"]
[EventCountry "SLO"]
[SourceTitle "CBM 187 Extra"]
[Source "ChessBase"]
[SourceDate "2018.11.04"]
[SourceVersion "1"]
[SourceVersionDate "2018.11.04"]
[SourceQuality "1"]

1. Nf3 d5 2. d4 c6 3. e3 Bf5 4. Be2 Nf6 5. 0-0 e6 6. c4 Nbd7 7. Nc3 Bd6 8. b3 Ne4 9. Bb2 0-0 10. Nxe4 Bxe4 11. a4 Re8 12. g3 e5 13. dxe5 Nxe5 14. Nxe5 Bxe5 15. Bxe5 Rxe5 16. c5 Qd7 17. Bg4 Bf5 18. Bxf5 Qxf5 19. a5 a6 20. Ra4 Re4 21. Qc2 Qe6 22. Rxe4 dxe4 23. Rd1 Re8 24. Rd4 h6 25. Qd1 Re7 26. Rd8+ Kh7 27. Qd6 Kg6 28. b4 Kh7 29. Kg2 g6 30. Qd4 f6 31. Rd6 Qe5 32. Rxf6 Qxd4 33. exd4 Kg7 34. Rd6 h5 35. Kf1 Kf7 36. Ke2 Kg7 37. Ke3 g5 38. h3 Kh7 39. d5 cxd5 40. Rxd5 Kg6 41. Rd4 Kf6 42. g4 hxg4 43. hxg4 Re5 44. Rd7 Re7 45. Rxe7 Kxe7 46. Kxe4 Ke6 47. Kd4 Kd7 48. Ke5 1-0